000 01112nam a2200289Ia 4500
001 ebr10608601
003 CaPaEBR
006 m u
007 cr cn|||||||||
008 111102s2012 enka s 001 0 eng d
020 _z9781849682947
020 _z9781849682954
040 _aCaPaEBR
_cCaPaEBR
035 _a(OCoLC)820833949
050 1 4 _aQA76.8.I863
_bD36 2012eb
100 1 _aDaniel, Steven F.
245 1 0 _aiPad enterprise application development BluePrints
_h[electronic resource] /
_cSteven F. Daniel.
260 _aBirmingham :
_bPackt Publishing,
_c2012.
300 _av, 405 p. :
_bill.
500 _aIncludes index.
533 _aElectronic reproduction.
_bPalo Alto, Calif. :
_cebrary,
_d2011.
_nAvailable via World Wide Web.
_nAccess may be limited to ebrary affiliated libraries.
650 0 _aiPad (Computer)
_xProgramming.
650 0 _aApplication software
_xDevelopment.
655 7 _aElectronic books.
_2local
710 2 _aebrary, Inc.
856 4 0 _uhttp://site.ebrary.com/lib/rucke/Doc?id=10608601
_zAn electronic book accessible through the World Wide Web; click to view
999 _c97842
_d97842